[Event "Subcarpathian-chT"]
[Site "Bystre"]
[Date "2021.06.10"]
[Round "3.5"]
[White "Szaro, Mariusz"]
[Black "Zgoda, Damian"]
[Result "1-0"]
[WhiteElo "1566"]
[BlackElo "1690"]
[PlyCount "71"]
[EventDate "2021.06.09"]
[EventType "team-tourn"]
[EventRounds "9"]
[EventCountry "POL"]
[SourceTitle "EXT 2022"]
[Source "ChessBase"]
[SourceDate "2021.10.06"]
[SourceVersion "1"]
[SourceVersionDate "2021.10.06"]
[SourceQuality "1"]

1. d4 g6 2. Nc3 Bg7 3. Bf4 d6 4. e4 a6 5. Be2 b5 6. Bf3 Bb7 7. Nge2 Nd7 8. h4 h6 9. Qd2 c5 10. Be3 b4 11. Nd5 e6 12. Ndf4 cxd4 13. Nxd4 Bxd4 14. Bxd4 e5 15. Nxg6 fxg6 16. Be3 Ngf6 17. Qxb4 Qc7 18. Rd1 Nc5 19. Rxd6 Qxd6 20. Bxc5 Qc6 21. Qc3 Nd7 22. b4 0-0-0 23. 0-0 Nxc5 24. bxc5 Rd4 25. Rb1 Rhd8 26. Rb6 Rd1+ 27. Kh2 Qc7 28. Rxg6 Qf7 29. h5 R1d4 30. c6 Ba8 31. Qa5 Qc7 32. Qxa6+ Kb8 33. Qb5+ Kc8 34. Bg4+ R4d7 35. cxd7+ Rxd7 36. Rg8+ 1-0

[Event "Subcarpathian-chT"]
[Site "Bystre"]
[Date "2021.06.10"]
[Round "2.5"]
[White "Zgoda, Damian"]
[Black "Borukalo, Zdzislaw"]
[Result "1/2-1/2"]
[WhiteElo "1690"]
[BlackElo "1614"]
[PlyCount "98"]
[EventDate "2021.06.09"]
[EventType "team-tourn"]
[EventRounds "9"]
[EventCountry "POL"]
[SourceTitle "EXT 2022"]
[Source "ChessBase"]
[SourceDate "2021.10.06"]
[SourceVersion "1"]
[SourceVersionDate "2021.10.06"]
[SourceQuality "1"]

1. d4 f5 2. Bg5 g6 3. Nc3 Nf6 4. Bxf6 exf6 5. e3 d5 6. Nge2 Be6 7. g3 c6 8. Nf4 Bf7 9. Bg2 Bd6 10. Nd3 Nd7 11. 0-0 0-0 12. Ne2 Re8 13. Rc1 Rc8 14. Qd2 b6 15. Rfd1 Qe7 16. c3 Kg7 17. b3 b5 18. Ra1 Nb6 19. Nb2 Ba3 20. Nd3 Bd6 21. Nb2 Ba3 22. Nf4 a5 23. Nbd3 Bd6 24. h4 h5 25. Rdc1 Rc7 26. Ne2 Ra7 27. Re1 Rea8 28. Qc2 a4 29. b4 Nc4 30. Nc5 Re8 31. Nf4 Qc7 32. Qe2 Qc8 33. Rad1 Rae7 34. Qc2 Na3 35. Qe2 Nc4 36. Bf1 Bxf4 37. gxf4 Qc7 38. Qf3 Nd6 39. Bd3 Kh6 40. Kh1 Ne4 41. Bxe4 fxe4 42. Qg3 Be6 43. Nxe6 Rxe6 44. Rg1 f5 45. Qh3 Qf7 46. Rg5 Kg7 47. Rdg1 Kh7 48. Qf1 Rf6 49. Qe2 Rfe6 1/2-1/2

[Event "Rubinstein Memorial-C 55th"]
[Site "Polanica Zdroj"]
[Date "2019.08.20"]
[Round "4"]
[White "Zgoda, Damian"]
[Black "Sroka, Janusz"]
[Result "0-1"]
[WhiteElo "1725"]
[BlackElo "1875"]
[PlyCount "94"]
[EventDate "2019.08.17"]
[EventType "swiss"]
[EventRounds "9"]
[EventCountry "POL"]
[SourceTitle "EXT 2020"]
[Source "ChessBase"]
[SourceDate "2019.10.17"]
[SourceVersion "1"]
[SourceVersionDate "2019.10.17"]
[SourceQuality "1"]

1. d4 g6 2. Bg5 Bg7 3. e4 c5 4. Nf3 d6 5. c3 cxd4 6. cxd4 Nc6 7. Nc3 h6 8. Be3 Nf6 9. d5 Nb8 10. Qd2 Nbd7 11. Nd4 Ng4 12. Bf4 Qb6 13. Nb3 g5 14. Bg3 a6 15. Be2 Nge5 16. f4 Ng6 17. Na4 Qd8 18. Nd4 gxf4 19. Bh5 Nde5 20. Nf5 Bf6 21. Bf2 Nc4 22. Qc2 Qa5+ 23. Nc3 Nxb2 24. Rc1 Bxc3+ 25. Qxc3 Nd3+ 26. Ke2 Nxc1+ 27. Rxc1 Qxc3 28. Rxc3 Bxf5 29. exf5 Ne5 30. Rc7 0-0 31. Bd4 Rac8 32. Rxe7 Rfe8 33. Rxb7 Rb8 34. Rc7 Rec8 35. Ra7 Rc2+ 36. Kd1 Rxa2 37. Rc7 Rb1+ 38. Rc1 Rxc1+ 39. Kxc1 Nd3+ 40. Kd1 Rxg2 41. Be2 Nb4 42. Bc4 Rxh2 43. Bc3 a5 44. Bf6 Nc2 45. Bb5 Ne3+ 46. Ke1 f3 47. Bd4 Nc2+ 0-1

[Event "Rubinstein Memorial-C 55th"]
[Site "Polanica Zdroj"]
[Date "2019.08.17"]
[Round "1"]
[White "Mrozek, Zofia"]
[Black "Zgoda, Damian"]
[Result "0-1"]
[WhiteElo "1399"]
[BlackElo "1725"]
[PlyCount "74"]
[EventDate "2019.08.17"]
[EventType "swiss"]
[EventRounds "9"]
[EventCountry "POL"]
[SourceTitle "EXT 2020"]
[Source "ChessBase"]
[SourceDate "2019.10.17"]
[SourceVersion "1"]
[SourceVersionDate "2019.10.17"]
[SourceQuality "1"]

1. e4 g6 2. d4 Bg7 3. Nf3 d6 4. h3 a6 5. Bc4 b5 6. Bd3 Bb7 7. Be3 Nd7 8. 0-0 Ngf6 9. Nbd2 0-0 10. Qe2 c5 11. c3 Rc8 12. Rac1 h6 13. Bb1 Nb6 14. Rfd1 Qc7 15. Bf4 Nh5 16. Be3 Nf6 17. Bf4 e5 18. dxe5 Nh5 19. Be3 dxe5 20. Nb3 Nf4 21. Qe1 Na4 22. Rd2 c4 23. Bxf4 exf4 24. Nbd4 Nc5 25. Rcd1 Rcd8 26. Re2 Rfe8 27. Rdd2 Rd7 28. Rd1 Rde7 29. Nd2 Nd3 30. Qf1 Nxb2 31. Rc1 Na4 32. N2f3 Bxe4 33. Bxe4 Rxe4 34. Rd2 Nc5 35. Rcd1 Nd3 36. Rb1 Bxd4 37. Nxd4 Re1 0-1